| 000 | 00899cem a2200337 4500 | ||
|---|---|---|---|
| 005 | 20260322212100.0 | ||
| 007 | data | ||
| 008 | data | ||
| 010 | _a 88009452 | ||
| 020 | _a0395473292 | ||
| 020 | _a9780395473290 | ||
| 034 | 0 | _aa | |
| 040 |
_aDLC _cDLC _dDLC _dOCoLC _dDLC |
||
| 043 | _aa-cc--- | ||
| 050 | 0 | 0 |
_aG2305 _b.C986 1988 |
| 052 | _a* | ||
| 082 | 0 | 0 |
_a912/.51 _219 |
| 092 | _a912 C986 1988 | ||
| 245 | 0 | 4 |
_aThe Contemporary atlas of China / _cedited by Nathan Sivin. |
| 255 | _aScales differ. | ||
| 260 |
_aBoston : _bHoughton Mifflin, _c1988. |
||
| 300 |
_a1 atlas (200 p.) : _bcol. ill., col. maps ; _c31 cm. |
||
| 500 | _aIncludes indexes. | ||
| 590 | _aIn English. | ||
| 651 | 0 |
_aChina _xMaps. |
|
| 651 | 0 |
_aChina _xHistory. |
|
| 651 | 0 |
_aChina _xSocial conditions _y1976-2000. |
|
| 651 | 0 |
_aChina _xEconomic conditions _y1976-2000. |
|
| 700 | 1 | _aSivin, Nathan. | |
| 001 | data | ||
| 999 |
_c1430 _d1430 |
||